000 00791nam a22002177a 4500
999 _c17819
_d17819
003 AR-CdUCM
008 190509b ||||| |||| 00| 0 spa d
040 _aMUNICIPALIDAD PROVINCIAL DEL CUSCO
_cBIBLIOTECA MUNICIPAL DEL CUSCO
082 _a160 /
_bP42
100 _aPepperell Montague, William
_938000
245 _aLos caminos del conocimiento :
_bLogica y Epistemologia /
260 _aBuenos Aires :
_bSudamericana,
_c1954.
300 _a463 paginas ;
_c21 cm.
500 _aCaminos del conocimiento
505 _aContenido: El metodo del autoritarismo -- El metodo del misticismo -- El metodo del racionalismo y el del empirismo
650 _aAutoritarismo
_93456
650 _aMisticismo
_9781
650 _aRacionalismo
_92602
942 _2ddc
_cLIBROS
945 _apjha
_d2019-05-09